Market-led strategic change : Making marketing happen in your organization

Αποθηκεύτηκε σε:
Λεπτομέρειες βιβλιογραφικής εγγραφής
Κύριος συγγραφέας: Piercy, Nigel
Μορφή: Βιβλίο
Γλώσσα:English
Δημοσίευση: Oxford : Butterwoth-Heinemann, 1992
Σειρά:The marketing series
Θέματα:
Ετικέτες: Προσθήκη ετικέτας
Δεν υπάρχουν, Καταχωρήστε ετικέτα πρώτοι!

MARC

LEADER 00000nam a2200000 i 4500
001 1/38696
008 960119s1992 eng d
020 |a 0-7506-0670-3 
035 |l 10024909 
040 |a GR-MY-UA  |b gre  |e aacr 
041 0 |a eng 
082 0 |a 658.8 
100 1 |a Piercy, Nigel. 
245 1 0 |a Market-led strategic change :  |b Making marketing happen in your organization /  |c Nigel Piercy 
260 |a Oxford :   |b Butterwoth-Heinemann,   |c 1992 
300 |a 416 p. 
490 1 |a The marketing series 
500 |a Includes index 
650 0 0 |a Marketing. 
830 0 |a The marketing series 
852 |a INST  |b CHIOS  |e 19960119  |h 658.8 PIE  |p 005200001075  |q 005200001075  |t BK  |y 0 
909 |a Χ  |b 039597